00614nam a2200193Ia 4500008004100000020001500041082001700056100002700073245004000100250000700140260003400147300002400181500001900205600002700224650001500251942000700266952013200273999001500405240925s9999 xx 000 0 und d a9694071771 a621.3133 HAS aHasan ,Muhammad Munir 0aFundamentals of Alternating Current aNA aKarachi:bRoyal Booksc,1995. a467p.bNAfOriginal aIncludes Index aElectronic Engineering aTechnology cBK 001040708ELaUITUbUITUd1996-06-27eRoyal Book Companyg150.00l0o621.3133 HASpQ0733r2024-09-25 07:12:11w2024-09-25yBK c3232d3232